000 00569nam a2200217Ia 4500
003 OSt
005 20221005033315.0
006 a|||||r|||| 00| 0
007 ta
008 221004b |||||||| |||| 00| 0 eng d
024 _a107109
037 _cTextual
040 _aCRL
_cCRL
_beng
041 _2eng
_aeng
082 _aY48.27731, M5
100 _aBandyopadhyay P.K.
245 0 _aLeadership among the mizos
260 _aDelhi
_bB.R. Pub India
_c1985
942 _hY48.27731, M5
_cTEXL
_2cc
999 _c941322
_d941322